Normal view
MARC view
- Islam - group of Sorah
Entry Topical Term
001 - CONTROL NUMBER
- control field: 6815
003 - CONTROL NUMBER IDENTIFIER
- control field: NUST
005 - DATE AND TIME OF LATEST TRANSACTION
- control field: 20171128101733.0
008 - FIXED-LENGTH DATA ELEMENTS
- fixed length control field: 171128|| aca||aabn | a|a d
040 ## - CATALOGING SOURCE
- Original cataloging agency: NUST
- Transcribing agency: NUST
150 ## - HEADING--TOPICAL TERM
- Topical term or geographic name entry element: Islam - group of Sorah
670 ## - SOURCE DATA FOUND
- Source citation: Work cat.: (NUST): Taskin -i rooh:, 2009
